000 00314nam a22001217a 4500
008 250108b |||||||| |||| 00| 0 eng d
020 _a978-93-511-506-9
050 _aP90
_b.A76
100 _aArora Antra
245 _aCommunication Media and Internet
260 _aNew Delhi
_bRandom Publications
_c2017
942 _cBK
999 _c1893
_d1893